Detalles MARC
| 000 -LIDER |
| fixed length control field |
00984nam a2200277 a 4500 |
| 001 - NÚMERO DE CONTROL |
| Identificador de número de control |
|
| 003 - IDENTIFICACDOR DE NÚMERO DE CONTROL |
| control field |
DO-SdBPM |
| 005 - DATE AND TIME OF LATEST TRANSACTION |
| control field |
20250203123001.0 |
| 008 - ELEMENTOS DE LONGITUD FIJA |
| fixed length control field |
110412s2016 mx c 000 0 spa d |
| 020 ## - ISBN |
| International Standard Book Number |
9786074629231 |
| 040 ## - FUENTE DE CATALOGACIÓN |
| Agencia que crea de manera original el registro |
DO-SdBPM |
| Idioma de catalogación |
spa |
| Agencia que realiza la transcripción |
BPMSU |
| 082 ## - NÚMERO DE CLASIFICACIÓN DECIMAL DE DEWEY |
| Classification number |
330.972082 |
| Item number |
G633i 2016 |
| Edition number |
22 |
| 100 1# - ASIENTO PRINCIPAL -- NOMBRE PERSONAL |
| Nombre personal |
Gómez Galvarriato, Aurora. |
| Fechas asociadas con el nombre |
|
| 245 10 - MENCIÓN DE TITULO |
| Título |
Industria y revolución : |
| Subtítulo |
cambio económico y social en el valle de Orizaba, México / |
| Mención de responsabilidad |
Aurora Gómez Galvarriato. |
| 260 ## - PUBLICACIÓN, DISTRIBUCIÓN, ETC. (PIE DE IMPRENTA) |
| Lugar de publicación, distribución, etc |
México : |
| Nombre del editor, distribuidor, etc. |
Fondo de Cultura Económica, |
| Fecha de publicación, distribución, etc |
2016 |
| 300 ## - DESCRIPCIÓN FÍSICA |
| Extensión |
427 p. : |
| Otros detalles físicos |
il., retr. ; |
| Dimensiones |
24 cm. |
| 490 0# - MENCIÓN DE SERIES |
| Mención de serie |
Historia |
| 500 ## - NOTA GENERAL |
| Nota general |
Incluye datos biográficos del autor en la solapa de la cubierta |
| 504 ## - NOTA DE BIBLIOGRAFÍA, ETC. |
| Bibliography, etc |
Bibliografía : p.305-309 |
| 590 ## - NOTA LOCAL |
| Texto de la nota local |
Inventariado, 2025/VM |
| Enlace |
|
| 650 #4 - ENCABEZAMIENTO DE MATERIA--TEMÁTICO |
| Término temático o nombre geográfico como elemento de entrada |
Economía |
| Subdivisión geográfica |
México |
| Subdivisión temática general |
Historia |
| 651 ## - ENCABEZAMIENTO DE MATERIA--NOMBRE GEOGRÁFICO |
| Nombre geográfico |
México . |
| Subdivisión temática general |
Condiciones económicas |
| 710 2# - ASIENTO SECUNDARIO -- NOMBRE CORPORATIVO |
| Nombre corporativo o de jurisdicción |
Fondo de Cultura Económica, |
| 910 ## - VALIDACIÓN |
| Validación |
VMateo V. Control de calidad. BPMSU |
| 942 ## - ADDED ENTRY ELEMENTS (KOHA) |
| Source of classification or shelving scheme |
Dewey Decimal Classification |
| Koha item type |
Libros |